Detalles MARC
| 000 -CABECERA |
| fixed length control field |
01214Cam#a2200301#a#4500 |
| 003 - CONTROL NUMBER IDENTIFIER |
| control field |
AR-BeUNQ |
| 005 - FECHA Y HORA DE LA ULTIMA TRANSACCION |
| control field |
20220224182226.0 |
| 008 - ELEMENTOS DE LONGITUD FIJA-INFORMACION GENERAL |
| fixed length control field |
151016s2014||||ag # ### #000|pdspa#d |
| 020 ## - NUMERO INTERNACIONAL NORMALIZADO PARA LIBROS |
| Número Internacional Normalizado del libro |
9789505462391 |
| 020 ## - NUMERO INTERNACIONAL NORMALIZADO PARA LIBROS |
| Número Internacional Normalizado del libro |
9789505462377 (obra completa) |
| 040 ## - FUENTE DE CATALOGACION |
| Agencia de catalogación original |
AR-BeUNQ |
| Idioma de catalogación |
ESPAÑOL |
| Convenciones de la descripción |
aacr |
| 082 04 - NUMERO DE CLASIFICACION DECIMAL DEWEYMBER |
| Número de clasificación |
N 861 |
| Número de la edición |
21 |
| 100 1# - ASIENTO PRINCIPAL-NOMBRE PERSONAL |
| Nombre personal |
Cardenal, Ernesto. |
| 245 02 - MENCION DE TITULO |
| Título |
Poesía completa. |
| Mención de responsabilidad, etc |
Ernesto Cardenal. |
| Número de la parte/sección de la obra |
Tomo II / |
| 250 ## - MENCION DE EDICION |
| Mención de edición |
1a. ed. |
| 260 ## - PUBLICACION, DISTRIBUCION, ETC. |
| Lugar de publicación, distribución, etc. |
Buenos Aires : |
| Nombre del editor, distribuidor, etc. |
Patria Grande, |
| Fecha de publicación, distribución, etc |
2014. |
| 300 ## - DESCRIPCION FISICA |
| Extensión |
266 p. ; |
| Dimensiones |
20 cm. |
| 490 1# - MENCION DE SERIE |
| Mención de serie |
Colección Juan Gelman ; |
| 500 ## - NOTA GENERAL |
| Nota general |
Edición especial para el Ministerio de Educación. |
| 505 0# - NOTA DE CONTENIDO |
| Nota de contenido con formato preestablecido |
Aproximación a la poesía de Ernesto Cardenal -- Pasajero de tránsito -- Canto nacional -- Coplas a la muerte de Merton -- 2 epístolas -- Oráculo sobre Managua -- Versos del pluriverso -- El telescopio en la noche oscura --- Acerca del autor |
| 650 #7 - ASIENTO SECUNDARIO DE MATERIA - TERMINO TEMATICO |
| Término temático o nombre geográfico como elemento de entrada |
Literatura (arte) |
| Fuente del encabezamiento o términ |
spines |
| 650 #7 - ASIENTO SECUNDARIO DE MATERIA - TERMINO TEMATICO |
| Término temático o nombre geográfico como elemento de entrada |
Literatura latinoamericana |
| Fuente del encabezamiento o términ |
tell |
| 650 #7 - ASIENTO SECUNDARIO DE MATERIA - TERMINO TEMATICO |
| Término temático o nombre geográfico como elemento de entrada |
Poesía |
| Fuente del encabezamiento o términ |
tell |
| 651 #7 - ASIENTO SECUNDARIO DE MATERIA - NOMBRE GEOGRAFICO |
| Nombre geográfico |
Nicaragua |
| Fuente del encabezamiento o término |
spines |
| 830 #0 - ASIENTO SECUNDARIO DE SERIE--TITULO UNIFORME |
| Título uniforme |
Colección Juan Gelman. ; |
| Designación numérica/secuencial del volumen |
47 |
| 929 ## - DATOS DE ADQUISICION |
| Procedencia |
DONACION |
| Proveedor |
Ministerio de Educación |
| Precio |
148,00E |
| Fecha de recibido |
20151006 |
| Patrimonio UNQ |
PAT0059809 |
| Número de Pase u otro número de Donación |
2912 Exp. 827-0387/98 |
| Número de inventario |
53782 |
| 942 ## - ELEMENTOS DE PUNTO DE ACCESO ADICIONAL (KOHA) |
| Tipo de ítem Koha |
Libros |
| Suppress in OPAC |
0 |